[Event "Amantea op-B 9th"]
[Site "Amantea"]
[Date "2011.09.11"]
[Round "8"]
[White "Nazzareno, Davide"]
[Black "Garofalo, Raffaele"]
[Result "1/2-1/2"]
[WhiteElo "1440"]
[BlackElo "1402"]
[PlyCount "39"]
[EventDate "2011.09.04"]
[EventType "swiss"]
[EventRounds "8"]
[EventCountry "ITA"]
[SourceTitle "EXT 2014"]
[Source "ChessBase"]
[SourceDate "2013.11.20"]
[SourceVersion "1"]
[SourceVersionDate "2013.11.20"]
[SourceQuality "1"]

1. e4 d6 2. d4 Nf6 3. Nf3 Nxe4 4. Nc3 Nxc3 5. bxc3 g6 6. Bc4 Bg7 7. 0-0 0-0 8. Bg5 Nd7 9. Re1 Re8 10. Qd2 Nf6 11. h3 a6 12. a3 b5 13. Bb3 Bb7 14. d5 Bc8 15. Kf1 Bd7 16. Qd3 Bf5 17. Qe3 Bd7 18. Qd3 Bf5 19. Qe3 Bd7 20. Qd3 1/2-1/2

[Event "Amantea op-B 9th"]
[Site "Amantea"]
[Date "2011.09.10"]
[Round "7"]
[White "Garofalo, Raffaele"]
[Black "Vasta, Armando"]
[Result "0-1"]
[WhiteElo "1402"]
[BlackElo "1545"]
[PlyCount "44"]
[EventDate "2011.09.04"]
[EventType "swiss"]
[EventRounds "8"]
[EventCountry "ITA"]
[SourceTitle "EXT 2014"]
[Source "ChessBase"]
[SourceDate "2013.11.20"]
[SourceVersion "1"]
[SourceVersionDate "2013.11.20"]
[SourceQuality "1"]

1. d4 Nf6 2. Nf3 c5 3. e3 d5 4. Be2 cxd4 5. exd4 Nc6 6. c3 Bf5 7. Nbd2 e6 8. 0-0 h6 9. Re1 Bd6 10. h3 g5 11. Nb3 Ne4 12. Be3 g4 13. hxg4 Bxg4 14. Nfd2 Bxe2 15. Qxe2 Qh4 16. Nf3 Qh5 17. Nc1 0-0-0 18. Nd3 Rdg8 19. Nde5 f6 20. Nxc6 Rxg2+ 21. Kxg2 Rg8+ 22. Kf1 Qh1+ 0-1

[Event "Praia op 3rd"]
[Site "Praia a Mare"]
[Date "2011.04.22"]
[Round "5"]
[White "Mercuri, Delia"]
[Black "Garofalo, Raffaele"]
[Result "0-1"]
[WhiteElo "1559"]
[BlackElo "1441"]
[PlyCount "66"]
[EventDate "2011.04.20"]
[EventType "swiss"]
[EventRounds "5"]
[EventCountry "ITA"]
[SourceTitle "EXT 2023"]
[Source "ChessBase"]
[SourceDate "2022.10.05"]
[SourceVersion "1"]
[SourceVersionDate "2022.10.05"]
[SourceQuality "1"]

1. e4 d6 2. Nc3 Nf6 3. d3 g6 4. Nge2 Bg7 5. h3 c6 6. Be3 Be6 7. Nf4 Bd7 8. Qd2 e5 9. Nfe2 Be6 10. f4 exf4 11. Nxf4 0-0 12. 0-0-0 Na6 13. a3 Nc7 14. g4 d5 15. Bc5 Re8 16. g5 Nd7 17. Bd6 Nb5 18. Nxb5 cxb5 19. Nxd5 Bxd5 20. exd5 Nb6 21. Bg3 Nxd5 22. h4 Nb6 23. Bg2 Nd5 24. d4 Ne3 25. Bxb7 Nxd1 26. Bxa8 Nxb2 27. Bc6 Nc4 28. Qh2 Re7 29. c3 Nxa3 30. Qb2 Qa5 31. Qa2 Qxc3+ 32. Kd1 Qd3+ 33. Qd2 Qb3+ 0-1